000 00423nam a2200121Ia 4500
008 220615s9999||||xx |||||||||||||| ||und||
245 0 _aRecent Advances in Digital System Diagnosis and Management of Healthcare
546 _aEnglish[eng]
650 _aMedical bioinformatics
700 _aSartipi, Kamran||Edoh, Thierry
856 _uhttps://mts.intechopen.com/storage/books/9134/authors_book/authors_book.pdf
942 _cEB
999 _c17032
_d17032